Anděl královny Konstancie /

Historický detektivní román je inspirovaný listinou královny Konstancie Uherské, v níž povyšuje Hodonín na královské město a uděluje mu široká práva a současně vyzývá k potrestání vrahů jejího rychtáře Petra.

Uloženo v:
Hlavní autor: Horáková, Naďa, 1962- (Autor)
Médium: Kniha
Jazyk:Czech
Vydáno: Brno : MOBA, 2026
Vydání:Vydání první
Témata:
Celkem bylo vypůjčeno:0x
Tagy:
Žádné tagy
LEADER 02388nam a2200433 i 4500
001 106137
003 CZ PrNK
005 20260415114526.0
007 ta
008 260327s2026 xr g 000 f cze
015 |a cnb003722962 
020 |a 9788027924608  |q (vázáno) 
040 |a ABG001  |b cze  |e rda 
072 7 |a 821.162.3-3  |x Česká próza  |2 Konspekt  |9 25 
080 |a 821.162.3-31  |2 MRF 
080 |a (0:82-312.4)  |2 MRF 
080 |a (0:82-311.6)  |2 MRF 
100 1 |a Horáková, Naďa,  |d 1962-  |7 ola2002105147  |4 aut  |9 13711 
245 1 0 |a Anděl královny Konstancie /  |c Naďa Horáková 
250 |a Vydání první 
264 1 |a Brno :  |b MOBA,  |c 2026 
300 |a 316 stran ;  |c 21 cm 
336 |a text  |b txt  |2 rdacontent 
337 |a bez média  |b n  |2 rdamedia 
338 |a svazek  |b nc  |2 rdacarrier 
500 |a Terminologický slovník 
504 |a Obsahuje bibliografii 
520 2 |a Historický detektivní román je inspirovaný listinou královny Konstancie Uherské, v níž povyšuje Hodonín na královské město a uděluje mu široká práva a současně vyzývá k potrestání vrahů jejího rychtáře Petra.  |b V čele trestné výpravy přijíždí do Hodonína v roce 1236 soudce Pardus Tvrdišovec, aby vyšetřil, kdo a proč zabil královnina rychtáře. Pardus se narodil v nedalekých Tvrdonicích, zná tedy povahu zdejších lidí, kteří stále věří na staré bohy a uctívají vědmy žijící v močálech kolem Hodonína. Královna Konstancie ho povolala, aby zajistil i bezpečí pro její nové úředníky, kteří mají za úkol udělat ve městě pořádek. Situace se vyhrotí, když do Hodonína přijede starý františkánský mnich a spolčí se s tamějším fanatickým knězem. Jejich cílem je potlačit přetrvávající projevy pohanství. Nakladatelská anotace. Kráceno. 
655 7 |a české romány  |7 fd133974  |2 czenas  |9 54031 
655 7 |a detektivní romány  |7 fd132010  |2 czenas  |9 53536 
655 7 |a historické romány  |7 fd132414  |2 czenas  |9 53624 
655 9 |a Czech fiction  |2 eczenas 
655 9 |a detective novels  |2 eczenas 
655 9 |a historical novels  |2 eczenas 
710 2 |a Nakladatelství MOBA  |7 ko2011627903  |4 pbl  |9 117207 
910 |a UOG502 
942 |2 ddc  |c KN 
999 |d 106137 
993 |0 0  |1 421180106862  |2 ddc  |4 0  |7 0  |9 99449  |b 0  |c 106862  |d 2026-04-15  |e 0  |f DOSP  |h 399.00  |i Koupě  |l DOSP  |r 2026-04-15  |t 6  |w 2026-04-15  |y KN  |z KRIMI  |n